000 00580cam a2200169 4500500
005 20260405001955.0
041 _afre
042 _adc
100 1 0 _aPersonne, Thomas
_eauthor
245 0 0 _aL’érotisme des problèmes: L’apprentissage de la philosophie au risque du désir
260 _c2015.
500 _a11
690 _aPédagogie
690 _aSébastien Charbonnier
786 0 _nPhilosophie magazine | 88 | 4 | 2015-04-01 | p. 64-64 | 1951-1787
856 4 1 _uhttps://shs.cairn.info/magazine-philosophie-magazine-2015-4-page-64?lang=fr&redirect-ssocas=7080
999 _c2052898
_d2052898